ბათუმის შოთა რუსთაველის სახელმწიფო უნივერსიტეტის ბიბლიოთეკა

Основные положения женевских конвенций и дополнительных протоколов с ним. (ბიბ.ჩანაწერი № 37730)

000 -LEADER
fixed length control field 00911nam a2200193Ia 4500
001 - CONTROL NUMBER
control field 3705
003 - CONTROL NUMBER IDENTIFIER
control field GE_BSU
005 - DATE AND TIME OF LATEST TRANSACTION
control field 20221031102125.0
008 - FIXED-LENGTH DATA ELEMENTS--GENERAL INFORMATION
fixed length control field 181216s1994ru xx |||||||||||||| ||rus||
040 ## - CATALOGING SOURCE
Transcribing agency GE_BSU
041 ## - LANGUAGE CODE
Language code of text/sound track or separate title rus
080 ## - UNIVERSAL DECIMAL CLASSIFICATION NUMBER
Universal Decimal Classification number 341.24 О-73
245 ## - TITLE STATEMENT
Title Основные положения женевских конвенций и дополнительных протоколов с ним.
264 ## - PRODUCTION, PUBLICATION, DISTRIBUTION, MANUFACTURE, AND COPYRIGHT NOTICE
Place of production, publication, distribution, manufacture Москва :
Name of producer, publisher, distributor, manufacturer Наука,
Date of production, publication, distribution, manufacture, or copyright notice 1994.
300 ## - PHYSICAL DESCRIPTION
Extent 62 с.:
Other physical details 21 см.
653 ## - INDEX TERM--UNCONTROLLED
keyword Основные положения женевских конвенций и дополнительных протоколов с ним.
653 ## - INDEX TERM--UNCONTROLLED
keyword ჟენევის კონვენციების ძირითადი დებულებები და მასთან დაკავშირებული დამატებითი ოქმები.
942 ## - ADDED ENTRY ELEMENTS (KOHA)
Koha item type წიგნი
Source of classification or shelving scheme
ეგზემპლარები
Withdrawn status Lost status Source of classification or shelving scheme Damaged status Not for loan Permanent Location Current Location Shelving location Date acquired Full call number Barcode Date last seen Copy number Price effective from Koha item type
          ბათუმის შოთა რუსთაველის სახელმწიფო უნივერსიტეტის მთავარი ბიბლიოთეკა ბათუმის შოთა რუსთაველის სახელმწიფო უნივერსიტეტის მთავარი ბიბლიოთეკა წიგნსაცავი 2018-12-17 341.24 О-73 5265 2018-12-17 5265 2018-12-17 წიგნი